Name the actor/actress - Statistics

General Stats
  • This quiz has been taken 61 times
  • The average score is 6 of 10
Answer Stats
About the Actor Answer % Correct
An actor originally from New York, he is most known for being in Top Gun back in 1986, however he also features in all of the Mission Impossible movies. Tom Cruise
91%
She is an actress from California, She is most known for playing the character Lara Croft. Angelina Jolie
85%
An Actress originally from Middlesex, England. She is most known for her role in The pirates of the Caribbean trilogy. Keira Knightley
74%
An Actress who is from Arizona (USA), she has featured in a range of different films one of which was the 2012 film The Amazing Spider-man. Emma Stone
72%
An Actress who plays the lead role in the Hunger games trilogy and she is originally from Kentucky USA. Jennifer Lawrence
68%
Born in Hertfordshire, England, he is most known for playing one of the students in the Harry Potter trilogys. Rupert Grint.
64%
Originally from Melbourne, he began to come into the public eye in 2011 when he featured in the Marvel film Thor, however he had previously featured in films like Star Trek. Chris Hemsworth
62%
An actress and singer born in New Mexico. She played the lead character in the Disney channel series Sonny With a Chance. even though she now sings more than acts. Demi Lovato
55%
In a lot of Very well known movies one of which he plays an elf ,originally he is from Kent (UK). Orlando Bloom
43%
An Actor from North Dakota, He is most known for his role in the Twilight saga trilogy he played Emmett Kellan lutz
17%
No matching quizzes found
Score Distribution
Percent of People with Each Score
Percentile by Number Answered
Your Score History
You have not taken this quiz